[Event "Seville op 40th"]
[Site "Seville"]
[Date "2015.02.01"]
[Round "9"]
[White "Jimenez Morales, Miguel"]
[Black "Planas Gene, Juan"]
[Result "1-0"]
[WhiteElo "1972"]
[BlackElo "2053"]
[PlyCount "41"]
[EventDate "2015.01.25"]
[EventType "swiss"]
[EventRounds "9"]
[EventCountry "ESP"]
[SourceTitle "CBM 164 Extra"]
[Source "ChessBase"]
[SourceDate "2015.03.02"]
[SourceVersion "1"]
[SourceVersionDate "2015.03.02"]
[SourceQuality "1"]

1. a3 Nf6 2. b4 g6 3. Bb2 Bg7 4. g3 0-0 5. Bg2 d6 6. d3 e5 7. Nd2 c6 8. Ngf3 Be6 9. 0-0 h6 10. c4 Qd7 11. c5 Nh7 12. Qc2 f6 13. cxd6 Qxd6 14. d4 Bf5 15. e4 Be6 16. dxe5 fxe5 17. Nc4 Bxc4 18. Qxc4+ Kh8 19. Rad1 Qe7 20. Nh4 Qe8 21. Rd8 1-0

[Event "Seville-ch"]
[Site "Seville"]
[Date "2014.02.15"]
[Round "4.8"]
[White "Ferrer Freyre, David"]
[Black "Jimenez Morales, Miguel"]
[Result "1/2-1/2"]
[WhiteElo "2014"]
[BlackElo "1843"]
[PlyCount "103"]
[EventDate "2014.01.25"]
[EventType "swiss"]
[EventRounds "9"]
[EventCountry "ESP"]
[SourceTitle "EXT 2024"]
[Source "ChessBase"]
[SourceDate "2023.10.10"]
[SourceVersion "1"]
[SourceVersionDate "2023.10.10"]
[SourceQuality "1"]

1. e4 c5 2. Nf3 d6 3. d4 cxd4 4. Nxd4 Nf6 5. Nc3 a6 6. Be2 e5 7. Nb3 Be7 8. Be3 0-0 9. 0-0 Be6 10. a4 b6 11. Nd5 Nxd5 12. exd5 Bf5 13. Qd2 Nd7 14. f3 Bg6 15. c4 Nc5 16. Ra3 Rb8 17. Nc1 f5 18. b4 f4 19. Bf2 e4 20. bxc5 e3 21. Bxe3 fxe3 22. Qxe3 bxc5 23. Bd3 Bf6 24. Qe6+ Bf7 25. Qh3 g6 26. Ne2 Qe7 27. f4 Bb2 28. Ra2 Rb3 29. Nc1 Bxc1 30. Rxc1 Qf6 31. Kh1 Qxf4 32. Rf1 Qd4 33. Rd2 Qc3 34. Rdd1 Qb4 35. Qg4 Qxa4 36. Bc2 Qb4 37. Bxb3 Qxb3 38. Rb1 Qd3 39. Qf3 Qxc4 40. Rbd1 a5 41. Qf6 a4 42. Qxd6 a3 43. Qf4 Qxf4 44. Rxf4 a2 45. d6 Rd8 46. Rff1 c4 47. Kg1 c3 48. Rc1 Rxd6 49. Rxc3 Rd7 50. Ra3 Rb7 51. Ra8+ Kg7 52. Rxf7+ 1/2-1/2